| 000 | 00590 a2200253 4500 | ||
|---|---|---|---|
| 260 | _aMoscou | ||
| 630 | _a62 - Ingenierie. Art de lingenieur. Technologie en general | ||
| 037 | _b3, BU | ||
| 650 | _a6 - SCIENCES APPLIQUEES | ||
| 100 | _aLévine, B. | ||
| 260 | _bMir | ||
| 245 | _aFondements théoriques de la radiotechnique statique.Tome 1 | ||
| 300 | _a584p. | ||
| 650 | _aRadiotechnique | ||
| 260 | _c1973 | ||
| 300 | _b22 cm | ||
| 100 | _lFr | ||
| 037 | _a20995 | ||
| 037 | _a20996 | ||
| 037 | _a20998 | ||
| 700 | _atrad., Sokova, A. | ||
| 999 |
_c37854 _d37854 |
||